| 000 | 00457nam a2200157 i 4500 | ||
|---|---|---|---|
| 001 | 38955 | ||
| 003 | ES-MaACL | ||
| 005 | 20230906155846.0 | ||
| 007 | t| | ||
| 008 | 030226s1967 sp ||||1| spa d | ||
| 100 | 1 |
_aCalvo, Juan A. _933850 |
|
| 245 | 1 | 0 |
_aComentarios y casos prácticos sobre convenios y conflictos colectivos / _cJuan A. Calvo. |
| 260 |
_aBilbao : _bDeusto, _c[1967] |
||
| 300 |
_a221 p. ; _c21 cm. |
||
| 852 |
_aES-MaACL _jC-33768 _bR.64329 |
||
| 999 |
_c38955 _d38955 |
||